[Event "Russian Championship (Rapid, Men)"]
[Site "Sochi"]
[Date "2018.10.05"]
[Round "4.17"]
[White "Murzin, Volodar"]
[Black "Iljiushenok, Ilia"]
[Result "0-1"]
[BlackElo "2611"]
[WhiteElo "2319"]
[LiveChessVersion "1.4.8"]

1. e4 {[%clk 0:15:19]} c5 {[%clk 0:15:18]} 2. Nf3 {[%clk 0:15:28]} e6
{[%clk 0:15:27]} 3. g3 {[%clk 0:15:36]} Nc6 {[%clk 0:15:29]} 4. Bg2
{[%clk 0:15:44]} Nf6 {[%clk 0:15:37]} 5. d3 {[%clk 0:15:50]} d5 {[%clk 0:15:42]}
6. Nbd2 {[%clk 0:15:59]} Be7 {[%clk 0:15:50]} 7. O-O {[%clk 0:16:06]} O-O
{[%clk 0:15:58]} 8. Re1 {[%clk 0:16:15]} Rb8 {[%clk 0:15:18]} 9. a4
{[%clk 0:15:25]} a6 {[%clk 0:15:26]} 10. c3 {[%clk 0:15:30]} b5 {[%clk 0:14:24]}
11. axb5 {[%clk 0:15:36]} axb5 {[%clk 0:14:33]} 12. exd5 {[%clk 0:15:08]} exd5
{[%clk 0:14:28]} 13. Nb3 {[%clk 0:14:27]} Bf5 {[%clk 0:14:08]} 14. Bf4
{[%clk 0:12:48]} Ra8 {[%clk 0:13:44]} 15. Nh4 {[%clk 0:09:06]} Be6
{[%clk 0:13:30]} 16. Nf3 {[%clk 0:08:34]} Rxa1 {[%clk 0:12:13]} 17. Nxa1
{[%clk 0:08:42]} h6 {[%clk 0:10:58]} 18. Nc2 {[%clk 0:07:50]} Qb6
{[%clk 0:09:53]} 19. Ne5 {[%clk 0:06:44]} Ra8 {[%clk 0:08:36]} 20. d4
{[%clk 0:04:06]} c4 {[%clk 0:08:21]} 21. Nxc6 {[%clk 0:03:41]} Qxc6
{[%clk 0:08:29]} 22. Be5 {[%clk 0:03:45]} Nd7 {[%clk 0:08:07]} 23. Bf4
{[%clk 0:03:38]} Bf8 {[%clk 0:07:40]} 24. Bc1 {[%clk 0:03:11]} Nf6
{[%clk 0:07:19]} 25. Bf4 {[%clk 0:02:34]} Nd7 {[%clk 0:06:58]} 26. h4
{[%clk 0:02:17]} Nb6 {[%clk 0:06:54]} 27. Kh2 {[%clk 0:02:17]} Qd7
{[%clk 0:07:00]} 28. Bc1 {[%clk 0:02:09]} Ra2 {[%clk 0:06:48]} 29. Ne3
{[%clk 0:01:53]} b4 {[%clk 0:06:53]} 30. cxb4 {[%clk 0:01:49]} Bxb4
{[%clk 0:07:01]} 31. Re2 {[%clk 0:01:55]} Bf8 {[%clk 0:05:58]} 32. f4
{[%clk 0:01:50]} g6 {[%clk 0:06:06]} 33. h5 {[%clk 0:01:48]} Bg7 {[%clk 0:05:47]}
34. Qc2 {[%clk 0:01:24]} Kh7 {[%clk 0:04:38]} 35. Qb1 {[%clk 0:01:11]} Ra7
{[%clk 0:03:59]} 36. hxg6+ {[%clk 0:00:59]} fxg6 {[%clk 0:04:08]} 37. Bd2
{[%clk 0:01:07]} Bxd4 {[%clk 0:02:39]} 38. Bc3 {[%clk 0:01:16]} Bxc3
{[%clk 0:02:02]} 39. bxc3 {[%clk 0:01:24]} Na4 {[%clk 0:02:04]} 40. Qe1
{[%clk 0:01:11]} Nc5 {[%clk 0:02:09]} 41. Qg1 {[%clk 0:00:58]} Rc7
{[%clk 0:01:39]} 42. Rd2 {[%clk 0:00:30]} Nd3 {[%clk 0:01:33]} 43. Nc2
{[%clk 0:00:38]} Bf5 {[%clk 0:01:35]} 44. Qd4 {[%clk 0:00:36]} Be4
{[%clk 0:00:41]} 45. Ne3 {[%clk 0:00:28]} Bxg2 {[%clk 0:00:35]} 46. Kxg2
{[%clk 0:00:20]} Qe6 {[%clk 0:00:20]} 47. Nxd5 {[%clk 0:00:17]} Rf7
{[%clk 0:00:29]} 48. Ne3 {[%clk 0:00:21]} Rd7 {[%clk 0:00:37]} 49. f5
{[%clk 0:00:19]} Qc6+ {[%clk 0:00:45]} 0-1

[Event "Russian Championship (Rapid, Men)"]
[Site "Sochi"]
[Date "2018.10.05"]
[Round "4.18"]
[White "Esipenko, Andrey"]
[Black "Smagin, Sergey"]
[Result "1-0"]
[BlackElo "2442"]
[WhiteElo "2605"]
[LiveChessVersion "1.4.8"]

1. d4 {[%clk 0:15:18]} d5 {[%clk 0:15:17]} 2. Bf4 {[%clk 0:15:25]} c6
{[%clk 0:15:17]} 3. e3 {[%clk 0:15:33]} Bf5 {[%clk 0:15:25]} 4. Nf3
{[%clk 0:15:37]} e6 {[%clk 0:15:07]} 5. c4 {[%clk 0:15:29]} Nd7 {[%clk 0:14:26]}
6. Nc3 {[%clk 0:15:31]} Ngf6 {[%clk 0:13:05]} 7. Be2 {[%clk 0:15:33]} Be7
{[%clk 0:12:07]} 8. O-O {[%clk 0:14:08]} Ne4 {[%clk 0:11:41]} 9. Qb3
{[%clk 0:13:28]} Qb6 {[%clk 0:11:09]} 10. Nxe4 {[%clk 0:13:03]} Qxb3
{[%clk 0:10:10]} 11. axb3 {[%clk 0:13:03]} Bxe4 {[%clk 0:10:18]} 12. Nd2
{[%clk 0:12:58]} Bg6 {[%clk 0:10:12]} 13. Rfc1 {[%clk 0:11:08]} O-O
{[%clk 0:10:03]} 14. Bd1 {[%clk 0:10:33]} Rfe8 {[%clk 0:09:14]} 15. Bc2
{[%clk 0:10:29]} Bxc2 {[%clk 0:09:14]} 16. Rxc2 {[%clk 0:10:37]} g5
{[%clk 0:07:28]} 17. Bg3 {[%clk 0:10:40]} h5 {[%clk 0:07:36]} 18. h3
{[%clk 0:10:28]} f5 {[%clk 0:07:45]} 19. Nf3 {[%clk 0:10:09]} Kf7
{[%clk 0:07:14]} 20. Ne1 {[%clk 0:09:38]} Nf8 {[%clk 0:04:32]} 21. Nd3
{[%clk 0:09:32]} Ng6 {[%clk 0:04:41]} 22. b4 {[%clk 0:08:03]} dxc4
{[%clk 0:04:46]} 23. Rxc4 {[%clk 0:08:10]} a6 {[%clk 0:04:01]} 24. Bh2
{[%clk 0:05:35]} Rad8 {[%clk 0:04:05]} 25. Kf1 {[%clk 0:03:58]} Rd5
{[%clk 0:04:14]} 26. Ke2 {[%clk 0:03:52]} Red8 {[%clk 0:04:18]} 27. g4
{[%clk 0:03:16]} hxg4 {[%clk 0:04:03]} 28. hxg4 {[%clk 0:03:25]} f4
{[%clk 0:03:58]} 29. b3 {[%clk 0:02:12]} e5 {[%clk 0:03:36]} 30. f3
{[%clk 0:02:03]} exd4 {[%clk 0:01:58]} 31. e4 {[%clk 0:01:54]} Rb5
{[%clk 0:02:06]} 32. Bg1 {[%clk 0:01:59]} Ne5 {[%clk 0:02:00]} 33. Nxe5+
{[%clk 0:02:04]} Rxe5 {[%clk 0:02:09]} 34. Bxd4 {[%clk 0:02:08]} Re6
{[%clk 0:01:47]} 35. Rh1 {[%clk 0:00:54]} Kg6 {[%clk 0:01:44]} 36. Bb6
{[%clk 0:00:35]} Rd7 {[%clk 0:01:34]} 37. Bc5 {[%clk 0:00:24]} Bf6
{[%clk 0:01:43]} 38. Rc2 {[%clk 0:00:31]} Re8 {[%clk 0:01:44]} 39. Rd2
{[%clk 0:00:39]} Rxd2+ {[%clk 0:01:30]} 40. Kxd2 {[%clk 0:00:48]} Rd8+
{[%clk 0:01:39]} 41. Kc2 {[%clk 0:00:50]} Rd7 {[%clk 0:01:41]} 42. Bb6
{[%clk 0:00:58]} Be5 {[%clk 0:01:31]} 43. Bf2 {[%clk 0:00:42]} Rd8
{[%clk 0:01:27]} 44. Be1 {[%clk 0:00:48]} Bd4 {[%clk 0:00:55]} 45. Bc3
{[%clk 0:00:50]} Be3 {[%clk 0:01:03]} 46. e5 {[%clk 0:00:45]} Bb6
{[%clk 0:00:27]} 47. Bb2 {[%clk 0:00:23]} Bc7 {[%clk 0:00:36]} 48. Bc3
{[%clk 0:00:25]} Bb6 {[%clk 0:00:45]} 49. Rh2 {[%clk 0:00:20]} Bc7
{[%clk 0:00:54]} 50. e6 {[%clk 0:00:20]} Re8 {[%clk 0:00:59]} 51. Re2
{[%clk 0:00:29]} Bd6 {[%clk 0:01:06]} 52. Kd3 {[%clk 0:00:27]} b5
{[%clk 0:01:04]} 53. Kd4 {[%clk 0:00:13]} Re7 {[%clk 0:01:06]} 54. Kd3
{[%clk 0:00:19]} Re8 {[%clk 0:01:15]} 55. Re4 {[%clk 0:00:27]} Re7
{[%clk 0:01:24]} 56. Re1 {[%clk 0:00:16]} Re8 {[%clk 0:01:33]} 57. Bd2
{[%clk 0:00:24]} Re7 {[%clk 0:01:42]} 58. Rc1 {[%clk 0:00:21]} Rc7
{[%clk 0:01:31]} 59. Bc3 {[%clk 0:00:31]} Re7 {[%clk 0:01:24]} 60. Bd4
{[%clk 0:00:40]} Rxe6 {[%clk 0:01:32]} 61. Rxc6 {[%clk 0:00:48]} Kf7
{[%clk 0:01:42]} 62. Rxa6 {[%clk 0:00:52]} Bxb4 {[%clk 0:01:51]} 63. Ra7+
{[%clk 0:00:51]} Re7 {[%clk 0:01:55]} 64. Ra8 {[%clk 0:00:49]} Rd7
{[%clk 0:01:52]} 65. Ke4 {[%clk 0:00:55]} Be7 {[%clk 0:02:01]} 66. Ra5
{[%clk 0:00:42]} b4 {[%clk 0:02:01]} 67. Rb5 {[%clk 0:00:48]} Ke6
{[%clk 0:02:04]} 68. Be5 {[%clk 0:00:55]} Ra7 {[%clk 0:02:03]} 69. Rb6+
{[%clk 0:01:03]} Kd7 {[%clk 0:02:08]} 70. Bf6 {[%clk 0:00:43]} Bc5
{[%clk 0:01:58]} 71. Rb8 {[%clk 0:00:51]} Ra3 {[%clk 0:02:01]} 72. Bxg5
{[%clk 0:00:59]} Bd6 {[%clk 0:01:16]} 73. Rh8 {[%clk 0:01:07]} Rxb3
{[%clk 0:01:18]} 74. Bxf4 {[%clk 0:01:16]} Bxf4 {[%clk 0:01:23]} 75. Kxf4
{[%clk 0:01:25]} Rc3 {[%clk 0:01:11]} 76. g5 {[%clk 0:01:14]} Rc4+
{[%clk 0:00:38]} 77. Kf5 {[%clk 0:01:20]} Rc5+ {[%clk 0:00:42]} 78. Kg4
{[%clk 0:01:27]} Rb5 {[%clk 0:00:49]} 79. g6 {[%clk 0:01:00]} Rb6
{[%clk 0:00:55]} 80. Kg5 {[%clk 0:00:56]} Rb5+ {[%clk 0:00:36]} 81. Kf4
{[%clk 0:01:03]} b3 {[%clk 0:00:20]} 82. g7 {[%clk 0:01:11]} b2 {[%clk 0:00:29]}
83. g8=Q {[%clk 0:01:04]} Rf5+ {[%clk 0:00:37]} 84. Kg3 {[%clk 0:00:48]} b1=Q
{[%clk 0:00:44]} 85. Rh7+ {[%clk 0:00:26]} Kd6 {[%clk 0:00:48]} 86. Qd8+
{[%clk 0:00:31]} 1-0

[Event "Russian Championship (Rapid, Men)"]
[Site "Sochi"]
[Date "2018.10.05"]
[Round "4.21"]
[White "Gogolev, Artem"]
[Black "Grachev, Boris"]
[Result "1/2-1/2"]
[BlackElo "2667"]
[WhiteElo "2375"]
[LiveChessVersion "1.4.8"]

1. Nf3 {[%clk 0:15:18]} d5 {[%clk 0:15:12]} 2. g3 {[%clk 0:15:18]} Bg4
{[%clk 0:15:02]} 3. Bg2 {[%clk 0:15:16]} Nd7 {[%clk 0:15:10]} 4. d4
{[%clk 0:15:22]} e6 {[%clk 0:15:12]} 5. O-O {[%clk 0:15:28]} Ngf6
{[%clk 0:15:05]} 6. c4 {[%clk 0:15:18]} c6 {[%clk 0:15:13]} 7. b3
{[%clk 0:15:06]} Be7 {[%clk 0:14:05]} 8. Nc3 {[%clk 0:15:09]} O-O
{[%clk 0:14:08]} 9. Bb2 {[%clk 0:15:17]} h6 {[%clk 0:14:09]} 10. Ne1
{[%clk 0:14:36]} Bf5 {[%clk 0:13:35]} 11. Nd3 {[%clk 0:14:23]} Nb6
{[%clk 0:13:27]} 12. c5 {[%clk 0:13:19]} Nbd7 {[%clk 0:13:36]} 13. b4
{[%clk 0:12:30]} Ne4 {[%clk 0:12:22]} 14. e3 {[%clk 0:10:09]} a5 {[%clk 0:11:40]}
15. a3 {[%clk 0:10:03]} axb4 {[%clk 0:10:07]} 16. axb4 {[%clk 0:09:17]} Nxc3
{[%clk 0:09:55]} 17. Bxc3 {[%clk 0:09:21]} Rxa1 {[%clk 0:10:01]} 18. Bxa1
{[%clk 0:09:29]} Qa8 {[%clk 0:10:08]} 19. Qd2 {[%clk 0:06:44]} Qa6
{[%clk 0:09:56]} 20. Rd1 {[%clk 0:06:43]} Ra8 {[%clk 0:07:55]} 21. Bf1
{[%clk 0:06:18]} Qa4 {[%clk 0:06:03]} 22. Bc3 {[%clk 0:05:50]} Qb3
{[%clk 0:05:23]} 23. Ra1 {[%clk 0:05:33]} Rxa1 {[%clk 0:05:18]} 24. Bxa1
{[%clk 0:05:41]} Qb1 {[%clk 0:05:20]} 25. Bc3 {[%clk 0:05:21]} Nf6
{[%clk 0:04:41]} 26. f3 {[%clk 0:05:03]} g5 {[%clk 0:04:50]} 27. g4
{[%clk 0:04:56]} Bh7 {[%clk 0:04:50]} 28. Ne5 {[%clk 0:04:24]} Ne8
{[%clk 0:04:41]} 29. Qb2 {[%clk 0:03:48]} Qd1 {[%clk 0:04:44]} 30. Qa1
{[%clk 0:02:50]} Qxa1 {[%clk 0:04:43]} 31. Bxa1 {[%clk 0:02:58]} f6
{[%clk 0:04:51]} 32. Nd3 {[%clk 0:02:44]} Nc7 {[%clk 0:04:56]} 33. Nf2
{[%clk 0:02:44]} Bc2 {[%clk 0:04:37]} 34. Bc3 {[%clk 0:02:43]} Kf7
{[%clk 0:04:34]} 35. Bd3 {[%clk 0:02:45]} Ba4 {[%clk 0:04:04]} 36. Kg2
{[%clk 0:01:57]} Nb5 {[%clk 0:04:09]} 37. Bb2 {[%clk 0:02:02]} Bd8
{[%clk 0:04:16]} 38. h4 {[%clk 0:02:04]} Bc7 {[%clk 0:02:53]} 39. hxg5
{[%clk 0:02:12]} hxg5 {[%clk 0:03:00]} 40. Nh3 {[%clk 0:01:46]} Bd1
{[%clk 0:03:05]} 41. Kf2 {[%clk 0:01:36]} Na7 {[%clk 0:02:44]} 42. Ng1
{[%clk 0:01:17]} Ba4 {[%clk 0:02:31]} 43. Bc1 {[%clk 0:01:03]} Bb5
{[%clk 0:02:35]} 44. Ke2 {[%clk 0:00:54]} Bh2 {[%clk 0:02:37]} 45. Nh3
{[%clk 0:00:43]} Bg3 {[%clk 0:02:38]} 46. Ng1 {[%clk 0:00:40]} f5
{[%clk 0:02:34]} 47. Bxb5 {[%clk 0:00:35]} Nxb5 {[%clk 0:02:41]} 48. Kd3
{[%clk 0:00:39]} Kg6 {[%clk 0:01:49]} 49. Ne2 {[%clk 0:00:33]} Bb8
{[%clk 0:01:41]} 50. Nc3 {[%clk 0:00:34]} Nxc3 {[%clk 0:00:38]} 51. Kxc3
{[%clk 0:00:42]} e5 {[%clk 0:00:45]} 52. gxf5+ {[%clk 0:00:32]} Kxf5
{[%clk 0:00:52]} 53. dxe5 {[%clk 0:00:40]} Bxe5+ {[%clk 0:00:48]} 54. Kd3
{[%clk 0:00:49]} Ba1 {[%clk 0:00:43]} 55. Bd2 {[%clk 0:00:54]} Bb2
{[%clk 0:00:48]} 56. Be1 {[%clk 0:00:54]} Be5 {[%clk 0:00:43]} 57. Bd2
{[%clk 0:00:45]} Bc7 {[%clk 0:00:42]} 58. Bc3 {[%clk 0:00:44]} b5
{[%clk 0:00:25]} 59. cxb6 {[%clk 0:00:19]} Bxb6 {[%clk 0:00:33]} 60. Bd4
{[%clk 0:00:28]} Bc7 {[%clk 0:00:37]} 61. Bc5 {[%clk 0:00:36]} Be5
{[%clk 0:00:42]} 62. Ke2 {[%clk 0:00:29]} g4 {[%clk 0:00:35]} 63. fxg4+
{[%clk 0:00:34]} Kxg4 {[%clk 0:00:44]} 64. Be7 {[%clk 0:00:40]} Bg7
{[%clk 0:00:26]} 65. Bd6 {[%clk 0:00:45]} Bb2 {[%clk 0:00:29]} 66. Be7
{[%clk 0:00:49]} Be5 {[%clk 0:00:22]} 67. Bc5 {[%clk 0:00:55]} Bc7
{[%clk 0:00:19]} 68. Be7 {[%clk 0:00:50]} Bb6 {[%clk 0:00:26]} 69. Bf8
{[%clk 0:00:47]} Ba7 {[%clk 0:00:31]} 70. Bd6 {[%clk 0:00:40]} Bb6
{[%clk 0:00:21]} 71. Bf8 {[%clk 0:00:45]} Kf5 {[%clk 0:00:26]} 72. Kd3
{[%clk 0:00:50]} Ba7 {[%clk 0:00:27]} 73. Be7 {[%clk 0:00:53]} Ke6
{[%clk 0:00:32]} 74. Bf8 {[%clk 0:00:57]} Bb8 {[%clk 0:00:26]} 75. e4
{[%clk 0:00:54]} Bg3 {[%clk 0:00:32]} 76. exd5+ {[%clk 0:00:58]} Kxd5
{[%clk 0:00:41]} 77. Bc5 {[%clk 0:01:05]} Bc7 {[%clk 0:00:34]} 78. Bf8
{[%clk 0:01:12]} Bb6 {[%clk 0:00:44]} 79. Be7 {[%clk 0:01:21]} c5
{[%clk 0:00:52]} 80. Bxc5 {[%clk 0:01:28]} Bxc5 {[%clk 0:01:01]} 81. bxc5
{[%clk 0:01:37]} Kxc5 {[%clk 0:01:10]} 82. Ke4 1/2-1/2

[Event "Russian Championship (Rapid, Men)"]
[Site "Sochi"]
[Date "2018.10.05"]
[Round "4.22"]
[White "Pridorozhni, Aleksei"]
[Black "Kozlov, Oleg"]
[Result "0-1"]
[BlackElo "2361"]
[WhiteElo "2632"]
[LiveChessVersion "1.4.8"]

1. e4 {[%clk 0:15:13]} c5 {[%clk 0:15:20]} 2. Nc3 {[%clk 0:15:21]} a6
{[%clk 0:15:16]} 3. Nf3 {[%clk 0:15:27]} b5 {[%clk 0:15:25]} 4. d4
{[%clk 0:15:34]} cxd4 {[%clk 0:15:34]} 5. Nxd4 {[%clk 0:15:43]} e6
{[%clk 0:15:27]} 6. Bd3 {[%clk 0:15:47]} Qb6 {[%clk 0:15:36]} 7. Nf3
{[%clk 0:15:52]} Qc7 {[%clk 0:15:41]} 8. O-O {[%clk 0:15:57]} Bb7
{[%clk 0:15:49]} 9. Re1 {[%clk 0:16:02]} Nf6 {[%clk 0:15:29]} 10. Qe2
{[%clk 0:15:13]} b4 {[%clk 0:13:31]} 11. Na4 {[%clk 0:15:02]} d5 {[%clk 0:11:26]}
12. exd5 {[%clk 0:13:34]} Nxd5 {[%clk 0:10:23]} 13. a3 {[%clk 0:13:41]} bxa3
{[%clk 0:09:40]} 14. b3 {[%clk 0:13:48]} Bb4 {[%clk 0:09:01]} 15. Rd1
{[%clk 0:13:39]} O-O {[%clk 0:07:19]} 16. Qe4 {[%clk 0:13:23]} g6
{[%clk 0:07:08]} 17. Qh4 {[%clk 0:13:30]} Nd7 {[%clk 0:04:03]} 18. Ng5
{[%clk 0:12:04]} N7f6 {[%clk 0:04:07]} 19. c4 {[%clk 0:11:50]} Nc3
{[%clk 0:03:19]} 20. Nxc3 {[%clk 0:11:57]} Bxc3 {[%clk 0:03:28]} 21. Bxa3
{[%clk 0:12:05]} Rfd8 {[%clk 0:02:22]} 22. Rac1 {[%clk 0:12:06]} Be5
{[%clk 0:02:15]} 23. Bf1 {[%clk 0:10:19]} Kg7 {[%clk 0:02:01]} 24. Nf3
{[%clk 0:07:56]} Bxf3 {[%clk 0:02:01]} 25. gxf3 {[%clk 0:08:05]} Bf4
{[%clk 0:01:27]} 26. Rb1 {[%clk 0:07:55]} g5 {[%clk 0:01:30]} 27. Qh3
{[%clk 0:08:02]} a5 {[%clk 0:01:00]} 28. Bb2 {[%clk 0:07:20]} Be5
{[%clk 0:01:06]} 29. Bxe5 {[%clk 0:07:27]} Qxe5 {[%clk 0:01:15]} 30. Qg3
{[%clk 0:07:36]} Qc5 {[%clk 0:00:59]} 31. f4 {[%clk 0:07:29]} g4 {[%clk 0:00:38]}
32. Qc3 {[%clk 0:06:14]} h5 {[%clk 0:00:38]} 33. Bg2 {[%clk 0:05:10]} Rab8
{[%clk 0:00:47]} 34. Be4 {[%clk 0:05:17]} e5 {[%clk 0:00:29]} 35. Bc2
{[%clk 0:05:04]} exf4 {[%clk 0:00:24]} 36. Ra1 {[%clk 0:05:13]} Rxd1+
{[%clk 0:00:26]} 37. Rxd1 {[%clk 0:05:21]} Re8 {[%clk 0:00:33]} 38. Kf1
{[%clk 0:02:53]} Qe5 {[%clk 0:00:32]} 39. Qxe5 {[%clk 0:02:45]} Rxe5
{[%clk 0:00:41]} 40. Bd3 {[%clk 0:02:53]} Nd7 {[%clk 0:00:32]} 41. Bc2
{[%clk 0:03:00]} Nc5 {[%clk 0:00:39]} 42. Ra1 {[%clk 0:03:00]} Ne6
{[%clk 0:00:44]} 43. Rd1 {[%clk 0:03:05]} f3 {[%clk 0:00:38]} 44. Rd2
{[%clk 0:03:09]} Nc5 {[%clk 0:00:31]} 45. Bd1 {[%clk 0:02:58]} Ne4
{[%clk 0:00:17]} 46. Rd3 {[%clk 0:02:59]} Kf6 {[%clk 0:00:14]} 47. Bc2
{[%clk 0:03:06]} Nc5 {[%clk 0:00:21]} 48. Rd2 {[%clk 0:03:11]} Ne4
{[%clk 0:00:30]} 49. Rd3 {[%clk 0:03:10]} Nxf2 {[%clk 0:00:35]} 50. Kxf2
{[%clk 0:01:46]} Re2+ {[%clk 0:00:45]} 51. Kg1 {[%clk 0:01:54]} Rg2+
{[%clk 0:00:50]} 52. Kf1 {[%clk 0:01:57]} Rxc2 {[%clk 0:00:58]} 53. Rd6+
{[%clk 0:02:04]} Kg7 {[%clk 0:00:56]} 54. Rd5 {[%clk 0:01:59]} Rxh2
{[%clk 0:00:56]} 55. Rxa5 {[%clk 0:02:07]} Kg6 {[%clk 0:01:03]} 56. Ra8
{[%clk 0:02:13]} Kf5 {[%clk 0:01:00]} 0-1

[Event "Russian Championship (Rapid, Men)"]
[Site "Sochi"]
[Date "2018.10.05"]
[Round "4.28"]
[White "Inozemtsev, Sergei"]
[Black "Panarin, Mikhail"]
[Result "1/2-1/2"]
[BlackElo "2541"]
[WhiteElo "2348"]
[LiveChessVersion "1.4.8"]

1. e4 {[%clk 0:15:17]} c5 {[%clk 0:15:18]} 2. Nf3 {[%clk 0:15:24]} e6
{[%clk 0:15:27]} 3. g3 {[%clk 0:15:31]} Nc6 {[%clk 0:14:58]} 4. Bg2
{[%clk 0:15:33]} Nf6 {[%clk 0:15:05]} 5. Nc3 {[%clk 0:14:13]} a6 {[%clk 0:14:26]}
6. O-O {[%clk 0:12:14]} Qc7 {[%clk 0:13:29]} 7. Re1 {[%clk 0:12:01]} Be7
{[%clk 0:13:25]} 8. e5 {[%clk 0:10:43]} Ng4 {[%clk 0:13:31]} 9. Qe2
{[%clk 0:10:38]} f6 {[%clk 0:13:24]} 10. exf6 {[%clk 0:10:12]} Nxf6
{[%clk 0:13:31]} 11. d3 {[%clk 0:09:56]} O-O {[%clk 0:13:16]} 12. Ne4
{[%clk 0:08:04]} d6 {[%clk 0:08:31]} 13. c3 {[%clk 0:07:20]} Bd7 {[%clk 0:08:39]}
14. d4 {[%clk 0:06:19]} cxd4 {[%clk 0:07:12]} 15. cxd4 {[%clk 0:06:23]} Nxe4
{[%clk 0:06:13]} 16. Qxe4 {[%clk 0:06:24]} d5 {[%clk 0:06:22]} 17. Qe2
{[%clk 0:05:55]} Bf6 {[%clk 0:04:44]} 18. Be3 {[%clk 0:05:32]} Qb6
{[%clk 0:04:53]} 19. Rad1 {[%clk 0:05:21]} Rac8 {[%clk 0:04:06]} 20. a3
{[%clk 0:02:59]} Qb5 {[%clk 0:02:09]} 21. Qxb5 {[%clk 0:01:53]} axb5
{[%clk 0:02:17]} 22. Bf4 {[%clk 0:02:00]} h6 {[%clk 0:01:45]} 23. h4
{[%clk 0:01:43]} Na5 {[%clk 0:01:32]} 24. Re2 {[%clk 0:01:22]} Nc4
{[%clk 0:01:34]} 25. Bh3 {[%clk 0:01:26]} Kf7 {[%clk 0:01:42]} 26. Kg2
{[%clk 0:01:32]} Rfe8 {[%clk 0:01:44]} 27. Rd3 {[%clk 0:01:38]} Ra8
{[%clk 0:01:31]} 28. Bg4 {[%clk 0:01:47]} Ra6 {[%clk 0:01:13]} 29. Bh5+
{[%clk 0:01:51]} g6 {[%clk 0:01:22]} 30. Bg4 {[%clk 0:02:00]} Kg7
{[%clk 0:01:28]} 31. Be5 {[%clk 0:01:51]} Rc6 {[%clk 0:01:06]} 32. Bxf6+
{[%clk 0:01:50]} Kxf6 {[%clk 0:01:15]} 33. Rb3 {[%clk 0:01:56]} Rc7
{[%clk 0:01:20]} 34. Ne5 {[%clk 0:01:58]} Nxe5 {[%clk 0:01:21]} 35. dxe5+
{[%clk 0:01:58]} Ke7 {[%clk 0:01:29]} 36. Rd2 {[%clk 0:01:54]} Rc5
{[%clk 0:01:25]} 37. Be2 {[%clk 0:02:01]} Bc6 {[%clk 0:01:22]} 38. Kh3
{[%clk 0:01:58]} Ra8 {[%clk 0:01:16]} 39. Bd3 {[%clk 0:01:57]} Be8
{[%clk 0:01:18]} 40. Rc2 {[%clk 0:02:01]} Rac8 {[%clk 0:00:45]} 41. Rxc5
{[%clk 0:02:04]} Rxc5 {[%clk 0:00:55]} 42. Kg4 {[%clk 0:02:07]} Kf7
{[%clk 0:00:50]} 43. Kf4 {[%clk 0:02:00]} d4 {[%clk 0:00:26]} 44. Rb4
{[%clk 0:01:49]} g5+ {[%clk 0:00:35]} 45. hxg5 {[%clk 0:01:49]} hxg5+
{[%clk 0:00:45]} 46. Kxg5 {[%clk 0:01:44]} Rxe5+ {[%clk 0:00:54]} 47. Kg4
{[%clk 0:01:53]} Rd5 {[%clk 0:00:53]} 48. f4 {[%clk 0:01:55]} Bc6
{[%clk 0:00:48]} 49. Kf3 {[%clk 0:01:25]} Re5+ {[%clk 0:00:33]} 50. Kf2
{[%clk 0:01:33]} Re3 {[%clk 0:00:42]} 51. Rxd4 {[%clk 0:01:41]} Rf3+
{[%clk 0:00:51]} 52. Ke2 {[%clk 0:01:48]} Rxg3 {[%clk 0:01:00]} 53. Kd2
{[%clk 0:01:49]} Kf6 {[%clk 0:00:55]} 54. Rb4 {[%clk 0:01:57]} Rg2+
{[%clk 0:00:57]} 55. Kc3 {[%clk 0:02:05]} Rg3 {[%clk 0:01:04]} 56. Kd4
{[%clk 0:02:12]} Rf3 {[%clk 0:00:56]} 57. Kc3 {[%clk 0:02:08]} Ke7
{[%clk 0:00:48]} 58. Rd4 {[%clk 0:02:10]} Bd5 {[%clk 0:00:42]} 1/2-1/2

[Event "Russian Championship (Rapid, Men)"]
[Site "Sochi"]
[Date "2018.10.05"]
[Round "4.30"]
[White "Gordievsky, Dmitry"]
[Black "Derjabin, Ilja"]
[Result "1-0"]
[BlackElo "2305"]
[WhiteElo "2498"]
[LiveChessVersion "1.4.8"]

1. Nf3 {[%clk 0:15:17]} c5 {[%clk 0:15:17]} 2. c4 {[%clk 0:15:25]} Nf6
{[%clk 0:15:22]} 3. Nc3 {[%clk 0:15:29]} g6 {[%clk 0:14:56]} 4. e4
{[%clk 0:15:37]} d6 {[%clk 0:14:59]} 5. d4 {[%clk 0:15:46]} cxd4 {[%clk 0:14:57]}
6. Nxd4 {[%clk 0:15:54]} Bg7 {[%clk 0:15:06]} 7. Be2 {[%clk 0:16:02]} Nc6
{[%clk 0:15:11]} 8. Be3 {[%clk 0:16:04]} O-O {[%clk 0:15:13]} 9. f3
{[%clk 0:15:46]} Nh5 {[%clk 0:14:17]} 10. Nc2 {[%clk 0:13:57]} f5
{[%clk 0:13:10]} 11. exf5 {[%clk 0:09:39]} Bxf5 {[%clk 0:13:12]} 12. O-O
{[%clk 0:09:37]} Rc8 {[%clk 0:11:41]} 13. Nd4 {[%clk 0:08:51]} Bd7
{[%clk 0:11:41]} 14. Qd2 {[%clk 0:08:05]} Nf4 {[%clk 0:10:59]} 15. Nxc6
{[%clk 0:06:33]} Nxe2+ {[%clk 0:10:58]} 16. Nxe2 {[%clk 0:06:41]} bxc6
{[%clk 0:10:52]} 17. Rad1 {[%clk 0:06:49]} a5 {[%clk 0:07:25]} 18. Bd4
{[%clk 0:06:22]} Bxd4+ {[%clk 0:07:17]} 19. Qxd4 {[%clk 0:06:14]} c5
{[%clk 0:07:10]} 20. Qd5+ {[%clk 0:06:13]} Kg7 {[%clk 0:07:01]} 21. Nc3
{[%clk 0:06:21]} Rf5 {[%clk 0:06:16]} 22. Qd2 {[%clk 0:06:26]} Bc6
{[%clk 0:05:58]} 23. Rfe1 {[%clk 0:06:31]} Qf8 {[%clk 0:05:41]} 24. Re6
{[%clk 0:06:24]} Rc7 {[%clk 0:04:59]} 25. Rde1 {[%clk 0:06:20]} a4
{[%clk 0:05:04]} 26. Nd1 {[%clk 0:04:51]} Rf6 {[%clk 0:04:01]} 27. Qc3
{[%clk 0:04:45]} Kg8 {[%clk 0:04:04]} 28. R6e2 {[%clk 0:04:43]} e5
{[%clk 0:04:07]} 29. Nf2 {[%clk 0:04:36]} Rf4 {[%clk 0:04:09]} 30. Ne4
{[%clk 0:04:15]} Bxe4 {[%clk 0:03:55]} 31. Rxe4 {[%clk 0:04:23]} Rb7
{[%clk 0:03:53]} 32. Qd2 {[%clk 0:04:26]} Rb6 {[%clk 0:03:49]} 33. R1e2
{[%clk 0:04:21]} Rxe4 {[%clk 0:03:42]} 34. Rxe4 {[%clk 0:04:13]} Qb8
{[%clk 0:03:40]} 35. Re2 {[%clk 0:04:16]} Qb7 {[%clk 0:02:08]} 36. h4
{[%clk 0:03:56]} Rb4 {[%clk 0:02:05]} 37. Qxd6 {[%clk 0:03:54]} Rxb2
{[%clk 0:01:48]} 38. Rxe5 {[%clk 0:02:53]} Rb1+ {[%clk 0:01:25]} 39. Kh2
{[%clk 0:03:01]} Qb8 {[%clk 0:01:34]} 40. Qe6+ {[%clk 0:02:40]} Kg7
{[%clk 0:01:43]} 41. Qe7+ {[%clk 0:02:27]} Kg8 {[%clk 0:01:50]} 42. Qxc5
{[%clk 0:01:15]} Rf1 {[%clk 0:01:35]} 43. Qd5+ {[%clk 0:01:15]} Kh8
{[%clk 0:01:42]} 44. c5 {[%clk 0:01:14]} Rd1 {[%clk 0:01:14]} 45. Qe4
{[%clk 0:01:23]} 1-0